Tous les pays mentionnés dans Titanic - Statistiques

Statistiques générales
  • Ce quiz a été pris 209 fois
  • Le résultat moyen est 5 sur 6
Statistiques - réponses
Nombre approximatif de mentions Pays % Correct
8 à 10 fois États-Unis
100%
2 fois France
99%
5 à 6 fois Royaume-Uni
97%
1 à 2 fois Irlande
70%
1 fois Italie
69%
1 fois Suède
27%
Aucun quiz correspondant
Distribution des résultats
% des personnes avec chaque résultat
Percentile par nombre de réponses
Votre historique - résultats
Vous n’avez pas pris ce quiz